<?xml version="1.0" encoding="UTF-8"?><?xml-stylesheet type="text/xsl" href="static/style.xsl"?><OAI-PMH xmlns="http://www.openarchives.org/OAI/2.0/" xmlns:xsi="http://www.w3.org/2001/XMLSchema-instance" xsi:schemaLocation="http://www.openarchives.org/OAI/2.0/ http://www.openarchives.org/OAI/2.0/OAI-PMH.xsd"><responseDate>2026-04-18T07:22:26Z</responseDate><request verb="GetRecord" identifier="oai:www.recercat.cat:2072/403895" metadataPrefix="marc">https://recercat.cat/oai/request</request><GetRecord><record><header><identifier>oai:recercat.cat:2072/403895</identifier><datestamp>2026-03-22T23:45:57Z</datestamp><setSpec>com_2072_98</setSpec><setSpec>col_2072_378192</setSpec></header><metadata><record xmlns="http://www.loc.gov/MARC21/slim" xmlns:dcterms="http://purl.org/dc/terms/" xmlns:xsi="http://www.w3.org/2001/XMLSchema-instance" xmlns:doc="http://www.lyncode.com/xoai" xsi:schemaLocation="http://www.loc.gov/MARC21/slim http://www.loc.gov/standards/marcxml/schema/MARC21slim.xsd">
   <leader>00925njm 22002777a 4500</leader>
   <datafield ind2=" " ind1=" " tag="042">
      <subfield code="a">dc</subfield>
   </datafield>
   <datafield ind2=" " ind1=" " tag="720">
      <subfield code="a">Rodríguez Marín, Fátima</subfield>
      <subfield code="e">author</subfield>
   </datafield>
   <datafield ind2=" " ind1=" " tag="720">
      <subfield code="a">Fernández Arroyo, Jorge</subfield>
      <subfield code="e">author</subfield>
   </datafield>
   <datafield ind2=" " ind1=" " tag="720">
      <subfield code="a">García Díaz, José Eduardo</subfield>
      <subfield code="e">author</subfield>
   </datafield>
   <datafield ind2=" " ind1=" " tag="260">
      <subfield code="c">2014</subfield>
   </datafield>
   <datafield ind2=" " ind1=" " tag="520">
      <subfield code="a">En el presente artículo hemos realizado un estudio que aborde los aspectos teóricos y prácticos relacionados con las hipótesis de transición dentro del ámbito de la Educación Ambiental. Para ello exponemos la evolución seguida hasta llegar al propio concepto de hipótesis de transición, tanto en la nomenclatura utilizada como en el significado interno de dichos términos. Además ejemplificamos la utilidad de esta herramienta didáctica al desarrollar su posible uso en el ámbito de la Educación Ambiental dentro de la temática de la energía y del agua.</subfield>
   </datafield>
   <datafield ind2=" " ind1=" " tag="520">
      <subfield code="a">In this article we have sought to conduct a study that focuses on the theoretical and practical features related to the transition hypothesis within the field of environmental education. This approach exposes the evolution followed up to the very concept of transition scenarios, both in the nomenclature used as in the inner meaning of these terms. We will also exemplify the usefulness of this teaching tool to develop its potential use in the field of environmental education within the issue of both energy and water.</subfield>
   </datafield>
   <datafield ind2=" " ind1=" " tag="520">
      <subfield code="a">En el present article hem realitzat un estudi que abordi els aspectes teòrics i pràctics relacionats amb les hipòtesis de transició dins l'àmbit de l'educació ambiental. Per això exposem l'evolució seguida fins arribar al propi concepte d'hipòtesis de transició, tant en la nomenclatura utilitzada com en el significat intern d'aquests termes. A més exemplifiquem la utilitat d'aquesta eina didàctica al desenvolupar el seu possible ús en l'àmbit de l'Educació Ambiental dins de la temàtica de l'energia i de l'aigua.</subfield>
   </datafield>
   <datafield tag="653" ind2=" " ind1=" ">
      <subfield code="a">Hipótesis de transición</subfield>
   </datafield>
   <datafield tag="653" ind2=" " ind1=" ">
      <subfield code="a">Hipótesis de progresión</subfield>
   </datafield>
   <datafield tag="653" ind2=" " ind1=" ">
      <subfield code="a">Itinerarios didácticos</subfield>
   </datafield>
   <datafield tag="653" ind2=" " ind1=" ">
      <subfield code="a">Educación ambiental</subfield>
   </datafield>
   <datafield tag="653" ind2=" " ind1=" ">
      <subfield code="a">Transition hypothesis</subfield>
   </datafield>
   <datafield tag="653" ind2=" " ind1=" ">
      <subfield code="a">Progression hypothesis</subfield>
   </datafield>
   <datafield tag="653" ind2=" " ind1=" ">
      <subfield code="a">Didacticitinerary</subfield>
   </datafield>
   <datafield tag="653" ind2=" " ind1=" ">
      <subfield code="a">Environmental education</subfield>
   </datafield>
   <datafield tag="653" ind2=" " ind1=" ">
      <subfield code="a">Hipòtesis de transició</subfield>
   </datafield>
   <datafield tag="653" ind2=" " ind1=" ">
      <subfield code="a">Hipòtesi de progressió</subfield>
   </datafield>
   <datafield tag="653" ind2=" " ind1=" ">
      <subfield code="a">Itineraris didàctics</subfield>
   </datafield>
   <datafield tag="653" ind2=" " ind1=" ">
      <subfield code="a">Educació ambiental</subfield>
   </datafield>
   <datafield ind2="0" ind1="0" tag="245">
      <subfield code="a">Las hipótesis de transición como herramienta didáctica para la Educación Ambiental</subfield>
   </datafield>
</record></metadata></record></GetRecord></OAI-PMH>